Why we are hungry : (Record no. 33691)
[ view plain ]
| 000 -LEADER | |
|---|---|
| fixed length control field | 00818nam a2200205 4500 |
| 008 - FIXED-LENGTH DATA ELEMENTS--GENERAL INFORMATION | |
| fixed length control field | 090423s2008 ph 001 0 eng |
| 020 ## - INTERNATIONAL STANDARD BOOK NUMBER | |
| International Standard Book Number | 9789718845493 :Php450.00 |
| 090 ## - LOCALLY ASSIGNED LC-TYPE CALL NUMBER (OCLC); LOCAL CALL NUMBER (OCLC) | |
| Classification number (OCLC) (R) ; Classification number, CALL (RLIN) (NR) | PL5539 |
| Local cutter number (OCLC) ; Book number/undivided call number, CALL (RLIN) | J77w |
| -- | 2008 |
| 100 1# - MAIN ENTRY--PERSONAL NAME | |
| Personal name | Jose, F. Sionil |
| Fuller form of name | (Francisco Sionil), |
| Dates associated with a name | 1924- |
| 245 10 - TITLE STATEMENT | |
| Title | Why we are hungry : |
| Remainder of title | rats in the kitchen, carabaos in the closet / |
| Statement of responsibility, etc | F. Sionil Josãae ; edited by Alejandro D. Padilla. |
| 246 1# - VARYING FORM OF TITLE | |
| Display text | Subtitle on cover : |
| Title proper/short title | Rats in the kitchen, carabaos in the garden. |
| 260 ## - PUBLICATION, DISTRIBUTION, ETC. (IMPRINT) | |
| Place of publication, distribution, etc | Manila, Philippines : |
| Name of publisher, distributor, etc | Solidaridad Pub. House, |
| Date of publication, distribution, etc | c2008. |
| 300 ## - PHYSICAL DESCRIPTION | |
| Extent | 213 p. ; |
| Dimensions | 23 cm. |
| 500 ## - GENERAL NOTE | |
| General note | Includes index. |
| 650 #4 - SUBJECT ADDED ENTRY--TOPICAL TERM | |
| Topical term or geographic name as entry element | Essays |
| General subdivision | Collections. |
| 650 #4 - SUBJECT ADDED ENTRY--TOPICAL TERM | |
| Topical term or geographic name as entry element | Philippine essays. |
| 951 ## - EQUIVALENCE OR CROSS-REFERENCE-GEOGRAPHIC NAME/AREA NAME [OBSOLETE] [CAN/MARC only] | |
| General subdivision | 00038417 |
| 700 1# - ADDED ENTRY--PERSONAL NAME | |
| Personal name | Padilla, Alejandro D. |
| 951 ## - EQUIVALENCE OR CROSS-REFERENCE-GEOGRAPHIC NAME/AREA NAME [OBSOLETE] [CAN/MARC only] | |
| -- | 33326 |
| -- | FILPL5539/J77w/2008 |
| -- | 090929124623187 |
| -- | 2000-12-21 |
| -- | FIL |
| Withdrawn status | Lost status | Damaged status | Not for loan | Home library | Current library | Shelving location | Date acquired | Accession number | Shelving control number | Total Checkouts | Full call number | Barcode | Date last seen | Price effective from | Koha item type |
|---|---|---|---|---|---|---|---|---|---|---|---|---|---|---|---|
| BSOP Library | BSOP Library | Filipiniana | 12/21/2000 | 33326 | 127 | FILPL5539/J77w/2008 | 00038417 | 02/23/2013 | 02/23/2013 | Books |
